| 000 | 01018nam0a22002531 4500 | ||
|---|---|---|---|
| 001 | rc\2759696 | ||
| 005 | 20260407015404.0 | ||
| 035 | _a(NLR Aleph) 006886347 | ||
| 090 |
_a7100163 _c7100163 |
||
| 100 | _a20110915d1940 |||y0rusy50 ca | ||
| 101 | 0 | _arus | |
| 102 | _aRU | ||
| 105 | _aa z ||||| | ||
| 200 | 1 | _aЗаписки Государственного института театрального искусства им. Луначарского | |
| 210 |
_aМосква _aЛенинград _cИскусство _d1940 _eМосква |
||
| 215 |
_a296 с. _cил. _d23 см. |
||
| 320 | _aБиблиогр.: "Лит-ра по истории Сиб. театра XVIII-XIX веков", с. 140-2 | ||
| 710 | 0 | 2 |
_aИнститут театрального искусства им. А. В. Луначарского _cМосква _9505104 _3RU\NLR\AUTH\8810003912 |
| 801 | 0 |
_aRU _bNLR _gpsbo |
|
| 801 | 1 |
_aRU _bELAR _2rusmarc |
|
| 852 |
_aNLR _j40-4/1614 |
||
| 852 |
_aNLR _jМф К-1/26719 |
||
| 942 | _cBOOK | ||
| 980 | _aNB | ||